000 00517nam a2200157 i 4500
001 84961
003 ES-MaACL
007 t|
008 041124s1974 sp ||||1| spa d
111 2 _aJornadas Sindicales sobre Concentración de Empresas
_9856
245 1 0 _aJornadas sindicales sobre concentración de empresas.
260 _a[Madrid] :
_bSecretariado Central de Asuntos Económicos Sindicales,
_c[1974]
300 _a354 p., 26 lám. ;
_c25 cm.
852 _aES-MaACL
_jE-7218
_bR.91858
999 _c84961
_d84961